Statistics for Former Kingdoms

Click here to take the quiz!

General Stats

  • This quiz has been taken 46 times
  • The average score is 12 of 15

Answer Stats

Former KingdomModern-Day Country% Correct
Kingdom of SaxonyGermany
97%
Kingdom of JudahIsrael
97%
Kingdom of NaplesItaly
97%
Kingdom of BohemiaCzechia
95%
Kingdom of AragonSpain
95%
Kingdom of BaliIndonesia
92%
Kingdom of SikkimIndia
89%
Kingdom of ZululandSouth Africa
87%
Kingdom of the AlgarvePortugal
79%
Kingdom of BeninNigeria
76%
Kingdom of HejazSaudi Arabia
76%
Kingdom of SarawakMalaysia
63%
Kingdom of KandySri Lanka
58%
Kingdom of DahomeyBenin
53%
Kingdom of JolofSenegal
37%

Score Distribution

Percentile by Number Answered

Percent of People with Each Score

Your Score History

You have not taken this quiz